Countries Based on First Two Letters #1 - Statistics

General Stats
  • This quiz has been taken 198,511 times
    198,498 since last reset
  • The average score is 19 of 24
Answer Stats
Letters Country % Correct
SP Spain
95%
CR Croatia
91%
GH Ghana
91%
CY Cyprus
89%
ZI Zimbabwe
89%
RO Romania
84%
IS Israel
83%
KE Kenya
83%
UR Uruguay
83%
VI Vietnam
83%
EC Ecuador
82%
HU Hungary
82%
BH Bhutan
81%
JO Jordan
81%
PE Peru
80%
EL El Salvador
77%
TH Thailand
77%
ET Ethiopia
75%
LU Luxembourg
71%
HA Haiti
69%
ER Eritrea
68%
HO Honduras
64%
ME Mexico
54%
TR Trinidad and Tobago
54%
No matching quizzes found
Score Distribution
Percent of People with Each Score
Percentile by Number Answered
Your Score History
You have not taken this quiz since the last reset